[Event "Pardubice Czech op-C 32nd"]
[Site "Pardubice"]
[Date "2021.07.31"]
[Round "9"]
[White "Richter, Rudolf"]
[Black "Babijczuk, Wojciech"]
[Result "1-0"]
[WhiteElo "1595"]
[BlackElo "1493"]
[PlyCount "69"]
[EventDate "2021.07.24"]
[EventType "swiss"]
[EventRounds "9"]
[EventCountry "CZE"]
[SourceTitle "EXT 2022"]
[Source "ChessBase"]
[SourceDate "2021.10.06"]
[SourceVersion "1"]
[SourceVersionDate "2021.10.06"]
[SourceQuality "1"]

1. d4 Nf6 2. c4 c5 3. d5 d6 4. Nc3 g6 5. e4 Bg7 6. f4 Bg4 7. Be2 Bxe2 8. Ngxe2 0-0 9. h3 Nbd7 10. g4 e5 11. dxe6 fxe6 12. Qxd6 Nb6 13. Qxd8 Raxd8 14. e5 Nfd7 15. b3 Nb8 16. Ne4 N6d7 17. Be3 b6 18. 0-0-0 Nc6 19. Rd6 Nd4 20. Bxd4 cxd4 21. Nxd4 Rxf4 22. Nxe6 Bxe5 23. Nxd8 Bxd6 24. Nxd6 Rf2 25. Re1 Nc5 26. Re8+ Rf8 27. Rxf8+ Kxf8 28. Nc6 Nd3+ 29. Kd2 Nf2 30. Nxa7 Nxh3 31. Nac8 h5 32. gxh5 gxh5 33. Nxb6 Ke7 34. Ne4 Nf4 35. Nd5+ 1-0

[Event "Pardubice Czech op-C 32nd"]
[Site "Pardubice"]
[Date "2021.07.28"]
[Round "6"]
[White "Beyer, Lorenz"]
[Black "Richter, Rudolf"]
[Result "0-1"]
[WhiteElo "1362"]
[BlackElo "1595"]
[PlyCount "58"]
[EventDate "2021.07.24"]
[EventType "swiss"]
[EventRounds "9"]
[EventCountry "CZE"]
[SourceTitle "EXT 2022"]
[Source "ChessBase"]
[SourceDate "2021.10.06"]
[SourceVersion "1"]
[SourceVersionDate "2021.10.06"]
[SourceQuality "1"]

1. d4 d5 2. Nf3 Nf6 3. Bf4 Bf5 4. e3 e6 5. Bd3 Bg6 6. 0-0 Bd6 7. Ne5 0-0 8. Bxg6 hxg6 9. Nd2 Nh5 10. c3 Nxf4 11. exf4 g5 12. fxg5 Bxe5 13. dxe5 Qxg5 14. f4 Qe7 15. Nf3 Nd7 16. Ng5 g6 17. Qg4 Kg7 18. Rae1 Rh8 19. Rf3 Rh5 20. Ree3 Rah8 21. Rh3 Qc5 22. Kh1 Rxh3 23. Rxh3 Qf2 24. Nf3 Rxh3 25. gxh3 Qf1+ 26. Ng1 Nc5 27. Qf3 Qxf3+ 28. Nxf3 Nd3 29. f5 exf5 0-1

[Event "Ceske Budejovice op"]
[Site "Ceske Budejovice"]
[Date "2021.07.03"]
[Round "3"]
[White "Lhotsky, Zdenek"]
[Black "Richter, Rudolf"]
[Result "1-0"]
[WhiteElo "1828"]
[BlackElo "1595"]
[PlyCount "37"]
[EventDate "2021.07.01"]
[EventType "swiss"]
[EventRounds "9"]
[EventCountry "CZE"]
[SourceTitle "CBM 203 Extra"]
[Source "ChessBase"]
[SourceDate "2021.09.30"]
[SourceVersion "1"]
[SourceVersionDate "2021.09.30"]
[SourceQuality "1"]

1. e4 c5 2. Nf3 Nc6 3. d4 cxd4 4. Nxd4 Nf6 5. Nc3 e5 6. Ndb5 d6 7. Bg5 Be7 8. Bxf6 gxf6 9. Nd5 Qa5+ 10. c3 Kf8 11. Nxe7 Nxe7 12. Qxd6 Be6 13. Nc7 Rc8 14. Nxe6+ fxe6 15. Qxe6 Rxc3 16. Qxf6+ Kg8 17. Qg5+ Ng6 18. Qd2 Rc5 19. b4 1-0

[Event "CZE-ch Betsys Online Blitz"]
[Site "Chess.com INT"]
[Date "2021.04.17"]
[Round "4"]
[White "Bezdek, Tomas"]
[Black "Richter, Rudolf"]
[Result "1-0"]
[WhiteElo "1601"]
[BlackElo "1595"]
[PlyCount "63"]
[EventDate "2021.04.17"]
[EventType "swiss (blitz)"]
[EventRounds "13"]
[EventCountry "CZE"]
[SourceTitle "CBM 201 Extra"]
[Source "ChessBase"]
[SourceDate "2021.05.31"]
[SourceVersion "1"]
[SourceVersionDate "2021.05.31"]
[SourceQuality "1"]

1. e4 c5 2. c3 Nf6 3. e5 Nd5 4. d4 e6 5. Bc4 Nb6 6. Bb3 c4 7. Bc2 d6 8. Nf3 d5 9. 0-0 Nc6 10. Bg5 Be7 11. Bxe7 Qxe7 12. Na3 0-0 13. Nb5 a6 14. Nd6 Bd7 15. Nxb7 Rab8 16. Nc5 Bc8 17. Qd2 Nd7 18. Nxd7 Bxd7 19. b3 Na5 20. Rab1 Rb7 21. b4 Nc6 22. a4 Rfb8 23. Rfe1 Na7 24. Ng5 h6 25. Nh3 Kf8 26. Re3 Kg8 27. Rg3 g5 28. f4 f6 29. exf6 Qxf6 30. fxg5 hxg5 31. Nxg5 Be8 32. Nxe6+ 1-0

[Event "CZE-ch U14"]
[Site "Kouty nad Desnou"]
[Date "2020.03.10"]
[Round "5"]
[White "Richter, Rudolf"]
[Black "Licka, Denis"]
[Result "1-0"]
[WhiteElo "1555"]
[BlackElo "1594"]
[PlyCount "105"]
[EventDate "2020.03.07"]
[EventType "swiss"]
[EventRounds "7"]
[EventCountry "CZE"]
[SourceTitle "CBM 195 Extra"]
[Source "ChessBase"]
[SourceDate "2020.05.31"]
[SourceVersion "1"]
[SourceVersionDate "2020.05.31"]
[SourceQuality "1"]

1. d4 Nf6 2. c4 e6 3. g3 Bb4+ 4. Bd2 c5 5. Bxb4 cxb4 6. Nf3 Nc6 7. Bg2 0-0 8. 0-0 d6 9. Re1 e5 10. e4 Bg4 11. d5 Nd4 12. Qd3 Bxf3 13. Bxf3 Nxf3+ 14. Qxf3 Rc8 15. Nd2 Qb6 16. Qe3 Qxe3 17. Rxe3 Nd7 18. a3 bxa3 19. Rexa3 a6 20. b4 Nb6 21. Rc3 Rc7 22. Rac1 Rfc8 23. c5 Nd7 24. Nb3 dxc5 25. bxc5 Kf8 26. c6 bxc6 27. Rxc6 Rxc6 28. dxc6 Nb8 29. c7 Nd7 30. Rc6 Ke7 31. Na5 Nf8 32. Nc4 Ne6 33. Nxe5 Nxc7 34. Rb6 f6 35. Nc6+ Kd7 36. Nb8+ Kd8 37. Nxa6 Nxa6 38. Rxa6 Kd7 39. Ra7+ Rc7 40. Rxc7+ Kxc7 41. f4 Kd6 42. Kf2 g6 43. Ke3 g5 44. fxg5 fxg5 45. g4 Ke5 46. h3 Kf6 47. Kd4 Ke6 48. e5 Ke7 49. Kd5 Kd7 50. e6+ Ke7 51. Ke5 Kf8 52. Kf6 h6 53. Kg6 1-0

[Event "CZE-chT2D 1819"]
[Site "Czech Republic"]
[Date "2019.02.24"]
[Round "9.8"]
[White "Cieslak, Leszek"]
[Black "Richter, Rudolf"]
[Result "1-0"]
[WhiteElo "1845"]
[BlackElo "1479"]
[PlyCount "87"]
[EventDate "2018.10.14"]
[EventType "team-tourn"]
[EventRounds "11"]
[EventCountry "CZE"]
[SourceTitle "EXT 2022"]
[Source "ChessBase"]
[SourceDate "2021.10.06"]
[SourceVersion "1"]
[SourceVersionDate "2021.10.06"]
[SourceQuality "1"]
[WhiteTeam "Dalesice Pivovar"]
[BlackTeam "Namest nad Oslavou"]
[WhiteTeamCountry "CZE"]
[BlackTeamCountry "CZE"]

1. Nf3 d5 2. c4 dxc4 3. Na3 Nf6 4. g3 Nc6 5. Nxc4 Bg4 6. Bg2 Qd5 7. Ne3 Qc5 8. Nxg4 Nxg4 9. 0-0 e5 10. d3 Qb6 11. h3 Nf6 12. Qa4 Nd7 13. Bd2 Nc5 14. Qc2 Nd4 15. Qd1 Nxf3+ 16. Bxf3 Ne6 17. b4 c6 18. Rb1 Bd6 19. a4 Nd4 20. Bg2 Rb8 21. b5 cxb5 22. e3 Nc6 23. axb5 Ne7 24. Qa4 0-0 25. Ba5 Qc5 26. Bb4 Qb6 27. Bxd6 Qxd6 28. Qxa7 Nc8 29. Qa1 Qxd3 30. Qxe5 Qd6 31. Qh5 Ne7 32. Rfd1 Qe6 33. Rd4 Rfd8 34. Rxd8+ Rxd8 35. Bxb7 Rb8 36. Bg2 Qa2 37. Be4 g6 38. Qe5 Re8 39. b6 Kf8 40. b7 Qxb1+ 41. Bxb1 Nc6 42. Qd6+ Kg8 43. Qxc6 Rd8 44. Qc8 1-0

[Event "EU-ch U10 26th"]
[Site "Prague"]
[Date "2016.08.21"]
[Round "4"]
[White "Zlatkov, Anton"]
[Black "Richter, Rudolf"]
[Result "1-0"]
[WhiteElo "1196"]
[BlackElo "1262"]
[PlyCount "41"]
[EventDate "2016.08.18"]
[EventType "swiss"]
[EventRounds "9"]
[EventCountry "CZE"]
[SourceTitle "CBM 174 Extra"]
[Source "ChessBase"]
[SourceDate "2016.10.10"]
[SourceVersion "1"]
[SourceVersionDate "2016.10.10"]
[SourceQuality "1"]

1. e4 Nf6 2. e5 Nd5 3. d4 d6 4. Bc4 Nb6 5. Bb3 dxe5 6. Qh5 g6 7. Qxe5 Rg8 8. Nf3 Bg7 9. Qe3 Nc6 10. c3 Bf5 11. 0-0 e6 12. Na3 Qd7 13. Nc4 Nd5 14. Qe2 0-0-0 15. a4 a6 16. a5 Rge8 17. Ba4 Re7 18. Nce5 Qd6 19. Bxc6 bxc6 20. Qxa6+ Kb8 21. Nxc6+ 1-0

[Event "EU-ch U10 26th"]
[Site "Prague"]
[Date "2016.08.18"]
[Round "1"]
[White "Richter, Rudolf"]
[Black "Wojdak, Jan"]
[Result "0-1"]
[WhiteElo "1262"]
[BlackElo "1681"]
[PlyCount "86"]
[EventDate "2016.08.18"]
[EventType "swiss"]
[EventRounds "9"]
[EventCountry "CZE"]
[SourceTitle "CBM 174 Extra"]
[Source "ChessBase"]
[SourceDate "2016.10.10"]
[SourceVersion "1"]
[SourceVersionDate "2016.10.10"]
[SourceQuality "1"]

1. c4 e6 2. Nc3 d5 3. cxd5 exd5 4. d4 Nf6 5. g3 Be7 6. Bg2 0-0 7. Bf4 Re8 8. e3 c6 9. Nge2 Bf5 10. 0-0 Nbd7 11. Rc1 Bf8 12. Re1 Nb6 13. b3 Ba3 14. Qd2 Bxc1 15. Rxc1 Qd7 16. Be5 Ng4 17. Bf4 h6 18. f3 Nf6 19. g4 Bg6 20. Ng3 h5 21. gxh5 Nxh5 22. Nxh5 Bxh5 23. Qf2 Bg6 24. Qh4 Qf5 25. e4 dxe4 26. fxe4 Qd7 27. Rd1 Qd8 28. Qxd8 Raxd8 29. e5 Nd7 30. Bg5 f6 31. exf6 gxf6 32. Bf4 Nb6 33. Bc7 Rd7 34. Bf4 Red8 35. Be3 Nd5 36. Nxd5 cxd5 37. Bh3 Rc7 38. Bf4 Rc2 39. Rd2 Rxd2 40. Bxd2 Be4 41. Be6+ Kg7 42. h4 Rh8 43. Be1 Re8 0-1

[Event "Brno Duras op-B"]
[Site "Brno"]
[Date "2014.07.04"]
[Round "7"]
[White "Richter, Rudolf"]
[Black "Simek, Vojtech"]
[Result "1/2-1/2"]
[WhiteElo "1100"]
[BlackElo "1000"]
[PlyCount "66"]
[EventDate "2014.06.28"]
[EventType "swiss"]
[EventRounds "9"]
[EventCountry "CZE"]
[SourceTitle "EXT 2017"]
[Source "ChessBase"]
[SourceDate "2016.10.25"]
[SourceVersion "1"]
[SourceVersionDate "2016.10.25"]
[SourceQuality "1"]

1. e4 c5 2. Bc4 e6 3. Nc3 Nf6 4. Nf3 d5 5. Bb5+ Nc6 6. Ne5 Qc7 7. Nf3 a6 8. Bxc6+ bxc6 9. e5 Nd7 10. Qe2 Be7 11. d3 0-0 12. Bf4 Rb8 13. b3 Qa5 14. Bd2 c4 15. Na4 Bb4 16. 0-0 c3 17. a3 Bxa3 18. Bxc3 Bb4 19. Nb2 Qc5 20. Bxb4 Qxb4 21. Ra4 Qb6 22. Rh4 h6 23. d4 c5 24. Qd3 Qd8 25. Na4 cxd4 26. Rxd4 f6 27. exf6 Qxf6 28. c4 e5 29. Rxd5 Re8 30. Nc3 Rxb3 31. Ne4 Rxd3 32. Nxf6+ Nxf6 33. Rxd3 e4 1/2-1/2

[Event "Brno Duras op-B"]
[Site "Brno"]
[Date "2014.07.03"]
[Round "6"]
[White "Perutka, Tomas"]
[Black "Richter, Rudolf"]
[Result "1-0"]
[WhiteElo "1294"]
[BlackElo "1100"]
[PlyCount "41"]
[EventDate "2014.06.28"]
[EventType "swiss"]
[EventRounds "9"]
[EventCountry "CZE"]
[SourceTitle "EXT 2017"]
[Source "ChessBase"]
[SourceDate "2016.10.25"]
[SourceVersion "1"]
[SourceVersionDate "2016.10.25"]
[SourceQuality "1"]

1. e4 e5 2. Nf3 Nf6 3. Bc4 Bc5 4. c3 Nc6 5. d4 exd4 6. cxd4 Bb4+ 7. Nc3 d5 8. exd5 Nxd5 9. 0-0 Nxc3 10. bxc3 Bxc3 11. Qb3 Bxa1 12. Bxf7+ Kf8 13. Ba3+ Ne7 14. Re1 c5 15. Bxc5 b6 16. Bxe7+ Qxe7 17. Rxe7 Kxe7 18. Ne5 Kd8 19. Qd5+ Kc7 20. Qxa8 Bb7 21. Qxh8 1-0

[Event "Brno Duras op-B"]
[Site "Brno"]
[Date "2014.07.01"]
[Round "4"]
[White "Richter, Rudolf"]
[Black "Matula, Jakub"]
[Result "1-0"]
[WhiteElo "1100"]
[BlackElo "1078"]
[PlyCount "85"]
[EventDate "2014.06.28"]
[EventType "swiss"]
[EventRounds "9"]
[EventCountry "CZE"]
[SourceTitle "EXT 2017"]
[Source "ChessBase"]
[SourceDate "2016.10.25"]
[SourceVersion "1"]
[SourceVersionDate "2016.10.25"]
[SourceQuality "1"]

1. e4 e5 2. Nf3 Nc6 3. Bc4 Bc5 4. c3 Nf6 5. d4 exd4 6. cxd4 Bb4+ 7. Bd2 Nxe4 8. Qe2 Bxd2+ 9. Nbxd2 d5 10. Nxe4 dxe4 11. Qxe4+ Ne7 12. Qf4 0-0 13. Qe4 Bf5 14. Qxb7 Re8 15. 0-0 Ng6 16. Qb3 Be6 17. d5 Bg4 18. Bb5 Rb8 19. Qd3 Re7 20. h3 Bd7 21. Bxd7 Rxd7 22. Qd4 a6 23. Rfd1 c6 24. d6 Rc8 25. Rac1 Ne7 26. Ne5 Nf5 27. Qd3 Rxd6 28. Qxf5 Rxd1+ 29. Rxd1 Qxd1+ 30. Kh2 Qd8 31. Qxf7+ Kh8 32. Qh5 Qe8 33. Qg4 Qxe5+ 34. f4 Qe8 35. h4 Qf8 36. Qh3 Qxf4+ 37. g3 Qf2+ 38. Kh1 Re8 39. Qg2 Re2 40. Qg1 Qe1 41. b3 Qb4 42. Qf1 Qg4 43. Qf8# 1-0

[Event "Brno Duras op-B"]
[Site "Brno"]
[Date "2014.06.30"]
[Round "3"]
[White "Kubackova, Alena"]
[Black "Richter, Rudolf"]
[Result "1-0"]
[WhiteElo "1250"]
[BlackElo "1100"]
[PlyCount "63"]
[EventDate "2014.06.28"]
[EventType "swiss"]
[EventRounds "9"]
[EventCountry "CZE"]
[SourceTitle "EXT 2017"]
[Source "ChessBase"]
[SourceDate "2016.10.25"]
[SourceVersion "1"]
[SourceVersionDate "2016.10.25"]
[SourceQuality "1"]

1. e4 e5 2. Nf3 Nf6 3. Bc4 Nc6 4. c3 Bc5 5. d4 exd4 6. cxd4 Bb4+ 7. Bd2 Bxd2+ 8. Nbxd2 d5 9. Bd3 Bg4 10. Qb3 dxe4 11. Bxe4 Bxf3 12. Bxc6+ Bxc6 13. Qe3+ Kf8 14. 0-0 Ng4 15. Qa3+ Kg8 16. Nf3 Bxf3 17. Qxf3 Qh4 18. h3 Nf6 19. Qxb7 Rf8 20. Qxa7 Nd5 21. Rae1 Nf4 22. Re3 Qg5 23. Qb7 h6 24. Rfe1 Kh7 25. Rg3 Rb8 26. Qe4+ f5 27. Qe5 Rhe8 28. Qa5 Rxe1+ 29. Qxe1 Qd8 30. Qe5 Nh5 31. Qxf5+ g6 32. Qxg6+ 1-0